Aquella ciudad de Palma (Record no. 59946)

MARC details
000 -LEADER
campo de control de longitud fija 00500nam a2200145 i 4500
001 - NÚMERO DE CONTROL
campo de control 59946
003 - IDENTIFICADOR DE NÚMERO DE CONTROL
campo de control ES-MaACL
007 - CAMPO FIJO DE DESCRIPCIÓN FÍSICA--INFORMACIÓN GENERAL
campo de control de longitud fija t|
008 - DATOS DE LONGITUD FIJA--INFORMACIÓN GENERAL
campo de control de longitud fija 031031s1954 sp ||||1| spa d
100 1# - ENTRADA PRINCIPAL--NOMBRE DE PERSONA
Nombre de persona Escalas Real, Jaime.
9 (RLIN) 47476
245 10 - MENCIÓN DEL TÍTULO
Título Aquella ciudad de Palma
Resto del título : evocación gráfica de la ciudad de últimos del S. XIX y primeros del XX /
Mención de responsabilidad, etc. Jaime Escalas Real.
260 ## - PUBLICACIÓN, DISTRIBUCIÓN, ETC.
Lugar de publicación, distribución, etc. Palma :
Nombre del editor, distribuidor, etc. [s.n.,
Fecha de publicación, distribución, etc. 1954] (
Fabricante Imp. Mossen Alcover)
300 ## - DESCRIPCIÓN FÍSICA
Extensión 190 p., 78 lám. :
Otras características físicas 25 cm.
852 ## - LOCALIZACIÓN
Ubicación ES-MaACL
Número de control de estantería C-9195
Sublocalización o colección R.37123
Holdings
Estatus retirado Estado de pérdida Estado de daño No para préstamo Biblioteca de origen Biblioteca actual Ubicación en estantería Fecha de adquisición Fuente de adquisición Total de préstamos Signatura topográfica completa Código de barras Visto por última vez Precio de reemplazo Tipo de ítem Koha
        Biblioteca del Ateneo de Madrid Biblioteca del Ateneo de Madrid Sala Palomar 17/01/2008     C-9195 1062869 23/02/2023 23/02/2023 Libro impreso